BSOP header

希伯来书 / (Record no. 38904)

MARC details
000 -LEADER
fixed length control field 00398nam a22001577a 4500
008 - FIXED-LENGTH DATA ELEMENTS--GENERAL INFORMATION
fixed length control field 150702s cc ||||| |||| 00| 0 chi d
020 ## - INTERNATIONAL STANDARD BOOK NUMBER
International Standard Book Number 9787542636126
050 ## - LIBRARY OF CONGRESS CALL NUMBER
Classification number BS2775.53
100 1# - MAIN ENTRY--PERSONAL NAME
Personal name Morgan, Campbell
245 10 - TITLE STATEMENT
Title 希伯来书 /
Statement of responsibility, etc (英)摩根着 ;张世衡 ,钟越娜译 .
250 ## - EDITION STATEMENT
Edition statement 初版 .
260 1# - PUBLICATION, DISTRIBUTION, ETC. (IMPRINT)
Place of publication, distribution, etc 2012
300 ## - PHYSICAL DESCRIPTION
Extent 81 p.
490 1# - SERIES STATEMENT
Series statement 摩根解经丛书
942 ## - ADDED ENTRY ELEMENTS (KOHA)
Source of classification or shelving scheme Library of Congress Classification
Item type Books
Holdings
Withdrawn status Lost status Source of classification or shelving scheme Damaged status Not for loan Home library Current library Shelving location Date acquired Accession number Total Checkouts Full call number Barcode Date last seen Price effective from Koha item type
    Library of Congress Classification     BSOP Library BSOP Library Chinese Books (General Circulation) 07/02/2015 C-13620   CH BS2775.53 M79 00046020 07/02/2015 07/02/2015 Books
BSOP

Biblical Seminary of the Philippines
  All rights Reserved
  © 2024

CONTACT INFORMATION

Biblical Seminary of the Philippines,
  77-B Karuhatan Road, Valenzuela City,
  PHILIPPINES 1441
  Phone: +632 8292-6795 / 8292-6798
  Fax : +632 8292-6675
  Email: library@bsop.edu.ph